Ascension in Sri Aurobindo's poems / (Record no. 24131)

MARC details
000 -LEADER
fixed length control field 00904nam a22002297a 4500
008 - FIXED-LENGTH DATA ELEMENTS--GENERAL INFORMATION
fixed length control field 090220t xxu||||| |||| 00| 0 eng d
010 ## - LCCN (DPL NO)
LC control number ENG-93031
020 ## - INTERNATIONAL STANDARD BOOK NUMBER
Terms of availability 75.00
035 ## - SYSTEM CONTROL NUMBER
System control number EN-76564
037 ## - SOURCE OF ACQUISITION
Source of stock number/acquisition DBAD / PUB
040 ## - CATALOGING SOURCE
Original cataloging agency dpl
Language of cataloging English
082 ## - DEWEY DECIMAL CLASSIFICATION NUMBER
Classification number 881.08
100 ## - MAIN ENTRY--PERSONAL NAME
Personal name Kavitha, S.P.
245 ## - TITLE STATEMENT
Title Ascension in Sri Aurobindo's poems /
Remainder of title by S.P. Kavitha
260 ## - PUBLICATION, DISTRIBUTION, ETC. (IMPRINT)
Place of publication, distribution, etc Chennai
Name of publisher, distributor, etc The Parkar
Date of publication, distribution, etc 2008
270 ## - ADDRESS
Address 293, Ahamed Complex, 2nd Floor, Royapettah High Road, Royapettah,
City Chennai
Postal code 600014
300 ## - PHYSICAL DESCRIPTION
Extent 92p.
Dimensions 22cm (pbk)
600 ## - SUBJECT ADDED ENTRY--PERSONAL NAME
Personal name Ghose, Aurobindo Sri
General subdivision Criticism and interpretation.
650 ## - SUBJECT ADDED ENTRY--TOPICAL TERM
Topical term or geographic name as entry element English poetry
General subdivision Criticism and interpretation.
942 ## - ADDED ENTRY ELEMENTS (KOHA)
Source of classification or shelving scheme Dewey Decimal Classification
Item type English Books
Call number suffix KAV
Classification part 881.08
Holdings
Withdrawn status Lost status Source of classification or shelving scheme Damaged status Not for loan Collection code Home library Current library Date acquired Source of acquisition Cost, normal purchase price Total Checkouts Full call number Barcode Date last seen Copy number Cost, replacement price Koha item type
    Dewey Decimal Classification   Not For Loan Non-fiction D.B.Act.Division D.B.Act.Division 20/02/2009 DBAD / PUB 75.00   881.08 KAV EN-76564 20/02/2009 1 75.00 English Books

© Delhi Public Library
Hit Counter
free hit counter